La tradition primordiale de l'Egypte ancienne : selon les Textes des pyramides /

Saved in:
நூற்பட்டியல் விவரங்கள்
தலைமை எழுத்தாளர்: Jacq, Christian.
வடிவம்: புத்தகம்
மொழி:French
வெளியீடப்பட்டது: Paris : Grasset, c1998.
தொகுதி:Ecritures sacrées.
பகுதிகள்:
குறியீடுகள்: குறிச்சொல் இணை
குறியீடுகள் இல்லை, இந்த குறிச்சொல்லை முதலில் பதிவு செய்யுங்கள்!
LEADER 00931nam a2200313 a 4500
001 007802441-2
005 20020606104010.5
008 980601s1998 fr b 001 0 fre
010 |a  98155947  
020 |a 2246538114 
035 0 |a ocm39284756 
040 |a DLC  |c DLC 
050 0 0 |a PJ1553  |b .J33 1998 
072 7 |a D  |2 lcco 
082 0 0 |a 299/.31  |2 21 
100 1 |a Jacq, Christian. 
245 1 3 |a La tradition primordiale de l'Egypte ancienne :  |b selon les Textes des pyramides /  |c Christian Jacq. 
260 |a Paris :  |b Grasset,  |c c1998. 
300 |a 318 p. ;  |c 21 cm. 
490 1 |a Ecritures sacrées 
500 |a Includes the Pyramid texts in French. 
504 |a Includes bibliographical references (p. [315]-316) and index. 
630 0 0 |a Pyramid texts. 
651 0 |a Egypt  |x Religion. 
650 0 |a Future life. 
730 0 2 |a Pyramid texts.  |l French. 
830 0 |a Ecritures sacrées. 
988 |a 20020608 
906 |0 DLC